New business ventures and the entrepreneur

New Business Ventures, 6e will leave students with the skills needed to grasp and implement the general managerial responsibilities required to be a successful entrepreneur. The text provides an innovative approach to teaching the core general management skills via the lens of the entrepreneur. The...

詳細記述

保存先:
書誌詳細
フォーマット: 図書
言語:Undetermined
出版事項: Boston, Mass. McGraw-Hill 2007
主題:
タグ: タグ追加
タグなし, このレコードへの初めてのタグを付けませんか!
Thư viện lưu trữ: Trung tâm Học liệu Trường Đại học Cần Thơ
LEADER 01056nam a2200205Ia 4500
001 CTU_166193
008 210402s9999 xx 000 0 und d
020 |c 70 
082 |a 658.11 
082 |b N532 
245 0 |a New business ventures and the entrepreneur 
245 0 |c Michael J. Roberts ... [et al.]. 
260 |a Boston, Mass. 
260 |b McGraw-Hill 
260 |c 2007 
520 |a New Business Ventures, 6e will leave students with the skills needed to grasp and implement the general managerial responsibilities required to be a successful entrepreneur. The text provides an innovative approach to teaching the core general management skills via the lens of the entrepreneur. The course upon which this book I based is now the new core required course in general management at Harvard Business School 
650 |a New business enterprises,New business enterprises,Quản trị doanh nghiệp,Quản trị kinh doanh 
650 |z United States,Hoa Kỳ 
910 |a Nguyên 
980 |a Trung tâm Học liệu Trường Đại học Cần Thơ